000 00298nam a2200121 a 4500
008 110104s1981|||| d
100 1 _aLenin, V. I.
245 1 0 _aZobrané spisy 9
_bJúl 1904 - marec 1905
260 _bPravda
_aBratislava
_c1981
020 _c17
044 _axo
_cSK
041 _aslo
999 _c15430
_d15430